Normal view
MARC view
- الأنثروبولوجيا التعليمية-علم الاجتماع التربوي. المدارس-إدارة-لتربية-فلسفة
Entry Topical Term
001 - CONTROL NUMBER
- control field: 15549
003 - CONTROL NUMBER IDENTIFIER
- control field: JO-AjAnu
005 - DATE AND TIME OF LATEST TRANSACTION
- control field: 20230606072800.0
008 - FIXED-LENGTH DATA ELEMENTS
- fixed length control field: 230606|| aca||aabn | a|a d
040 ## - CATALOGING SOURCE
- Original cataloging agency: JO-AjAnu
- Transcribing agency: JO-AjAnu
150 ## - HEADING--TOPICAL TERM
- Topical term or geographic name entry element: الأنثروبولوجيا التعليمية-علم الاجتماع التربوي. المدارس-إدارة-لتربية-فلسفة
670 ## - SOURCE DATA FOUND
- Source citation: Work cat.: (JO-AjAnu)7985: فهمي،راميل, author 15548, الإتصال التربوي:دراسة ميدانية